Animaniacs: Good Idea, Bad Idea Quiz Stats

 Plays Quiz Updated Feb 2, 2012

Score 0/29 Timer 10:00
0 Plays Today
Good Idea answer % Correct
Going alpine skiing in the winter.summer
71.4%
Visiting the circus.visit you
68.2%
Taking a deep breath before jumping into a swimming pool.after
67.3%
Finding Easter eggs on Easter morning.Christmas
62%
Drinking fresh milk from the carton.cow
60.8%
Whistling while you work.eat
53%
Giving a small child a balloon.bunch
47.2%
Cleaning up litter.kitty
42.2%
Playing the scales on a piano.fish
37%
Playing cops and robbers in the park.bank
31.3%
Playing the piccolo in a marching band.piano
29.8%
Throwing a surprise party for your father.grandfather
29%
Singing Christmas carols to your neighbors.Fourth of July
23.9%
Climbing a mountain.lion
23.5%
Playing the accordion at a polka festival.anywhere else
19.4%
Good Idea answer % Correct
Ordering a chili dog to go.makes you go
19%
Stopping to smell the roses.feel
16.3%
Doing your own yard work.dental
14.2%
Kissing a loved one.total stranger
11.3%
Going trick-or-treating on Halloween.St. Patrick's Day
11.1%
Feeding stray kittens in the park.to a bear
10.6%
Visiting picturesque McLean, Virginia.Stevenson
9.3%
Buying a pair of shoes on sale.parachute
9%
Having breakfast served to you in bed.tennis balls
8.2%
Tossing a penny into a fountain to make a wish.your cousin Penny
8.1%
Giving your dog a bath.dry-cleaned
6.7%
Dressing up for Halloween as a pirate.pinata
6.1%
Playing horsey with your little sister.Aunt Bertha
5%
Taking up a new hobby like bird calling.buffalo
4.4%

You're not logged in!

Compare scores with friends on all Sporcle quizzes.
OR
Log In

Sporcle TV

Today on Sporcle TV


Watch our educational content, quiz creation guides, and fun videos on Sporcle TV.

Show Comments

Extras

Top Quizzes Today


Score Distribution

Your Account Isn't Verified!

In order to create a playlist on Sporcle, you need to verify the email address you used during registration. Go to your Sporcle Settings to finish the process.

Report this User

Report this user for behavior that violates our Community Guidelines.

Details: